书目信息 |
| 题名: |
组织中的培训
|
|
| 作者: | 戈尔茨坦 著 ;常玉轩 译 | |
| 分册: | ||
| 出版信息: | 北京 清华大学出版社 2002.12 |
|
| 页数: | 583页 | |
| 开本: | 20cm | |
| 丛书名: | ||
| 单 册: | ||
| 中图分类: | C975 | |
| 科图分类: | ||
| 主题词: | 社会科学 | |
| 电子资源: | ||
| ISBN: | 7-302-06076-2 | |
| 000 | 00609nam0 2200205 45 | |
| 001 | 0440505039 | |
| 005 | 2004042911150337 | |
| 010 | @a7-302-06076-2@dCNY 35.00 | |
| 100 | @a20040429d2002 km y0chiy0120 ea | |
| 101 | 0 | @achi |
| 102 | @aCN@b110000 | |
| 200 | 1 | @a组织中的培训@AZu Zhi Zhong De Pei Xun@f(美)戈尔茨坦著@F(Mei)Ge Er Ci Tan Zhu@g常玉轩译@GChang Yu Xuan Yi |
| 210 | @a北京@c清华大学出版社@d2002.12 | |
| 215 | @a583页@d20cm | |
| 606 | 0 | @a社会科学 |
| 690 | @aC975@v3 | |
| 701 | 0 | @a戈尔茨坦@AGe Er Ci Tan@4著 |
| 702 | 0 | @a常玉轩@AChang Yu Xuan@4译 |
| 801 | 0 | @aCN@bPFT@c20040429 |
| 905 | @dC975@eG230 | |
| 组织中的培训/(美)戈尔茨坦著/常玉轩译.-北京:清华大学出版社,2002.12 |
| 583页;20cm |
| ISBN 7-302-06076-2:CNY 35.00 |
| ● |
| 相关链接 |
|
|
|
正题名:组织中的培训
索取号:C975/G230
 
预约/预借
| 序号 | 登录号 | 条形码 | 馆藏地/架位号 | 状态 | 备注 |
| 1 | 381071 | 203810714 | 社科库509/509社科库 66排7列3层/ [索取号:C975/G230] | 在馆 | |
| 2 | 381072 | 203810723 | 社科库509/509社科库 66排7列3层/ [索取号:C975/G230] | 在馆 | |
| 3 | 381073 | 203810732 | 社科库509/509社科库 66排7列3层/ [索取号:C975/G230] | 在馆 |